Modelovanie vplyvu medzinárodnej špecializácie a kooperácie výroby na štruktúru ekonomiky kandidátska dizertačná práca

Gespeichert in:
Bibliographische Detailangaben
1. Verfasser: Bobro, Peter
Körperschaft: Vysoká škola ekonomická v Bratislave. Fakulta riadenia
Weitere Verfasser: Fecanin, Juraj
Format: Buch
Sprache:Slowakisch
Veröffentlicht: Bratislava 1985
Tags: Tag hinzufügen
Keine Tags, Fügen Sie das erste Tag hinzu!

MARC

LEADER 00000nam a2200000 4500
001 c105270
005 20230116085150.3
041 0 |a slo 
044 |a SK 
245 1 0 |a Modelovanie vplyvu medzinárodnej špecializácie a kooperácie výroby na štruktúru ekonomiky  |b kandidátska dizertačná práca  |c Peter Bobro ; Ved. Juraj Fecanin 
264 1 |a Bratislava  |c 1985 
300 |a 137 s. 
100 1 |a Bobro, Peter 
700 1 |a Fecanin, Juraj 
710 2 |a Vysoká škola ekonomická v Bratislave. Fakulta riadenia